000 01236nac a22003977a 4500
001 BR0304312
003 BR-BrBNA
005 20240105122855.0
008 230509b bl.|||m| |||| 00| 0 por d
040 _aBR-BrBNA
_bpor
_cBiblioteca Nacional de Agricultura
072 _aF01
090 _a1959 BR0304312
100 1 _aValentim, J.F.
100 1 _aCarneiro, J. da C.
100 1 _aMoreira, P.
100 1 _aJank, L.
100 1 _aSales, M.F.L.
110 1 _aEMBRAPA Acre, Rio Branco (Brasil)
245 1 _aCapim massai (Panicum maximum Jacq.): nova forrageira para a diversificação das pastagens no Acre
260 3 _aRio Branco, AC (Brasil):
_c2001.
300 _a16 p.
490 _aCircular Técnica - EMBRAPA Acre (Brazil)
_vno. 41
_xISSN 0100-9915
500 _a8 illus.; Bibliography p. 13-16
650 _aGRAMÍNEA FORRAGEIRA
650 _aPASTAGEM CONSORCIADA
650 _aNUTRIÇÃO ANIMAL
650 _aFERTILIDADE DO SOLO
650 _aVALOR NUTRITIVO
650 _aPRODUÇÃO ANIMAL
650 _aPRODUÇÃO LEITEIRA
650 _aGANHO DE PESO
650 _aDIVERSIFICAÇÃO DE CULTURA
650 _aACRE
909 _a202312
_bLúcia Elande
_c55
_dLúcia Elande
942 _2AGRIS
_n0
_cMS
999 _c293141
_d293141